00589nam a2200193Ia 4500003000900000008004100009020002200050040001600072080001300088100002600101245003600127250001200163260002500175300001500200650002700215942000700242999001700249952012900266IN-BaIIA211028s9999 xx 000 0 eng d a978-0-12-369470-6 cIIA Library a535bBOY aBoyd, Robert W936143 0aNonlinear opticscRobert W Boyd a3rd ed. bAcademic Pressc2008 axix, 613p. aNonlinear optics95388 cBK c18919d18919 00104070aBANbBANcGENd2014-09-23eFBB g4261.60l0o535/ BOYp19841r2021-11-05v4261.60w2014-09-23yBKGRs. 4261.60